Statistiques concernant Le soleil dans les titres de films

Cliquez ici pour prendre le quiz!

Statistiques générales

  • Ce quiz a été pris 98 fois
  • Le résultat moyen est 8 sur 20

Statistiques - réponses

TitreMot% Correct
Un, deux, ... soleiltrois
94%
Du soleil plein les ...yeux
89%
Tintin et le ... du soleiltemple
88%
Soleil ...rouge
66%
Soleil ...vert
64%
Sous le soleil de ...Satan
56%
Cent mille ... au soleildollars
53%
Le soleil ... pour tout le mondebrille
52%
Soleil ...levant
30%
.... soleilplein
29%
.... au soleilduel
28%
.... au soleilmeurtre
20%
Les ... du soleilenfants
20%
Les ... du soleillarmes
17%
Une ... au soleilplace
16%
Un peu de soleil dans l'eau ...froide
16%
Les ... du soleilrois
10%
... du soleilempire
6%
Le soleil des ...voyous
3%
Soleil ....grec
0%

Distribution des résultats

Percentile par nombre de réponses

% des personnes avec chaque résultat

Votre développement - résultats

Vous n’avez pas pris ce quiz